[Event "Challenge"]
[Site "http://www.queenalice.com/game.php?id=1617677"]
[Date "2020.6.22"]
[Round "-"]
[White "midknightblue"]
[Black "fbg"]
[Result "0-1"]
[WhiteElo "1699"]
[BlackElo "1500"]

1. e4 e5 2. Nf3 Nc6 3. Bc4 Bc5 4. O-O Nf6 5. Ng5 d5 6. Bb5 Bd7 7. Bd3 h6 8. Nh3
dxe4 9. Bb5 a6 10. Bc4 Bxh3 11. gxh3 b5 12. d3 bxc4 13. dxc4 Qxd1 14. Rxd1 O-O
15. Nc3 Nd4 16. Rf1 Nxc2 17. Be3 Bxe3 18. Rad1 Ba7 19. Nxe4 Nxe4 20. Rd5 Rae8
21. Rd3 Nb4 22. Ra3 Nd2 23. Rd1 Ne4 24. Rd7 Bb6 25. Ra4 a5 26. Ra3 c5 27. Rd1
Rd8 28. Re1 Rd2 29. Rxe4 f6 30. Rb3 Rfd8 31. a3 a4 32. Rg3 Nd3 33. Reg4 g5 34.
Rf3 Rd1+ 35. Kg2 Ne1+ 36. Kg3 Nxf3 0-1

[Event "Escacs 27"]
[Site "http://www.queenalice.com/game.php?id=1620725"]
[Date "2020.7.17"]
[Round "-"]
[White "alterego"]
[Black "midknightblue"]
[Result "1-0"]
[WhiteElo "1660"]
[BlackElo "1692"]

1. d4 d5 2. c4 dxc4 3. Nf3 Bf5 4. Nc3 Nf6 5. g3 e6 6. Bg2 Bd6 7. Qa4+ Nbd7 8.
Qxc4 O-O 9. O-O Bg4 10. e4 Nh5 11. Bg5 Nhf6 12. e5 Be7 13. exf6 Bxf6 14. d5 Bxg5
15. Qxg4 Bf6 16. Nd1 exd5 17. Rc1 c6 18. Re1 Qa5 19. b4 Qc7 20. Ne3 Qd6 21. a3
b5 22. Nf5 Qc7 23. N3d4 Ne5 24. Qf4 Rae8 25. Bxd5 Nf3+ 26. Nxf3 Qxf4 27. gxf4
Bb2 28. Rxc6 Rxe1+ 29. Nxe1 Bf6 30. Nd3 h6 31. Nc5 h5 32. Nd7 Rd8 33. Nxf6+ gxf6
34. Rxf6 Rxd5 35. Ne7+ Kg7 36. Nxd5 a6 37. Rxa6 h4 38. Kg2 1-0

[Event "Escacs 29"]
[Site "http://www.queenalice.com/game.php?id=1624006"]
[Date "2020.8.16"]
[Round "-"]
[White "alterego"]
[Black "midknightblue"]
[Result "0-1"]
[WhiteElo "1749"]
[BlackElo "1677"]

1. d4 d5 2. c4 dxc4 3. Nc3 c6 4. g3 Nf6 5. Bg2 e6 6. Nf3 Bd6 7. O-O O-O 8. e4
Bb4 9. Qa4 Bxc3 10. bxc3 b5 11. Qc2 Ng4 12. Bg5 Qd7 13. Bh3 f6 14. Bd2 Nh6 15.
Rad1 Qf7 16. Bg2 Qd7 17. Be3 Qf7 18. e5 Nf5 19. Bc1 fxe5 20. Nxe5 Qf6 21. Nxc6
Bb7 22. Nxb8 Raxb8 23. Ba3 Bxg2 24. Kxg2 Rfe8 25. Bc5 Rb7 26. Qe4 Rc7 27. Qf4
Nh4+ 28. Qxh4 Qxh4 29. gxh4 Rf7 30. f4 a6 31. Rf3 Rd8 32. Re1 Re8 33. Re5 Rf6
34. d5 Rf5 35. Rxe6 Rxe6 36. dxe6 Rxc5 37. e7 Rc8 38. f5 Re8 39. Re3 Kf7 40. Re6
Rxe7 41. Rxa6 Re5 42. f6 gxf6 43. Ra7+ Kg6 44. Kg3 Re4 45. h5+ Kh6 46. h4 Re3+
47. Kg4 Re5 48. Ra6 Kg7 49. h6+ Kf7 50. Ra7+ Kg6 51. Ra6 Rh5 52. Rb6 Re5 53. Rd6
b4 54. cxb4 c3 55. Rc6 Re4+ 56. Kf3 Rxh4 57. Rxc3 Rh3+ 58. Ke4 Rxc3 59. Kd4 Ra3
60. b5 Rxa2 61. b6 Rb2 62. Kc5 f5 63. Kc6 f4 64. b7 f3 65. Kc7 Rxb7+ 66. Kxb7 f2
67. Kc7 f1=Q 68. Kd7 Kxh6 69. Ke7 Kg6 70. Ke8 h5 71. Ke7 h4 72. Ke8 h3 0-1

[Event "Let's Play Chess 386"]
[Site "http://www.queenalice.com/game.php?id=1626662"]
[Date "2020.9.12"]
[Round "-"]
[White "digger"]
[Black "midknightblue"]
[Result "1/2-1/2"]
[WhiteElo "1629"]
[BlackElo "1696"]

1. Nc3 d6 2. e4 Be6 3. Nf3 f6 4. d4 Bg4 5. Bf4 Nc6 6. Be2 e5 7. Be3 Qe7 8. Nd5
Qd7 9. O-O O-O-O 10. Nd2 Bxe2 11. Qxe2 exd4 12. Bf4 Nge7 13. Nxe7+ Bxe7 14. Nc4
g5 15. Bg3 d5 16. exd5 Nb4 17. d6 cxd6 18. a3 Nc6 19. Rfe1 d5 20. Nd2 Bc5 21.
Qd3 Bd6 22. Bxd6 Qxd6 23. Re2 Rhe8 24. Rae1 Qd7 25. Rxe8 Rxe8 26. Rxe8+ Qxe8 27.
Qxh7 Qd7 28. Qh8+ Qd8 29. Qh3+ Qd7 30. Qh8+ Qd8 31. Qxd8+ Kxd8 32. Nb3 b6 33. g4
Ke7 34. Kg2 Ke6 35. Kg3 Ke5 36. h3 a6 37. f3 Ne7 38. Nc1 Nc6 39. Nd3+ Kd6 40. f4
a5 41. h4 gxf4+ 42. Kxf4 Ke6 43. h5 Kf7 44. Kf5 Ne7+ 45. Kf4 b5 46. Nc5 Kg7 47.
Ne6+ Kf7 48. Nxd4 b4 49. axb4 axb4 50. Nf3 Kg7 51. Nd4 Kf7 52. Nf5 Ng8 53. Nd6+
Ke6 54. Nb5 Ne7 55. h6 Kf7 56. Nd6+ Kg6 57. Ne8 Ng8 58. Nc7 Ne7 59. Ne6 Kxh6 60.
g5+ fxg5+ 61. Nxg5 Kg6 62. Nf3 Kf6 63. Nd4 Ng6+ 64. Kg3 Ne5 65. Kf2 Ke7 66. Ke3
Nc4+ 67. Ke2 Kd6 68. b3 Ne5 69. Ke3 Ng4+ 1/2-1/2

[Event "Let's Play Chess!"]
[Site "http://www.queenalice.com/game.php?id=1630721"]
[Date "2020.10.24"]
[Round "-"]
[White "midknightblue"]
[Black "charles31"]
[Result "0-1"]
[WhiteElo "1693"]
[BlackElo "1646"]

1. e4 e5 2. Nf3 d6 3. Bd3 Nf6 4. Nc3 Be6 5. Ng5 Qd7 6. Nxe6 Qxe6 7. O-O a6 8. b3
h6 9. Bc4 Qd7 10. d3 Nc6 11. a3 Be7 12. Nd5 Nxd5 13. Bxd5 g6 14. Qf3 O-O-O 15.
Bxc6 Qxc6 16. c4 Rdf8 17. Qe3 f5 18. exf5 gxf5 19. Bb2 Bg5 20. Qf3 Qxf3 21. gxf3
Rhg8 22. Kh1 Bf4 23. Rg1 Rg5 24. Rxg5 hxg5 25. Bc1 Bxc1 26. Rxc1 g4 27. fxg4
fxg4 28. Kg2 Rf3 29. Rd1 Kd7 30. h4 c5 31. h5 Ke7 32. Rh1 Kf7 33. h6 Kg8 34. Rh4
Rxd3 35. Rxg4+ Kh7 36. Rg7+ Kxh6 37. Rxb7 a5 38. b4 Rxa3 39. bxa5 Rxa5 40. Rb6
Kg5 41. Rxd6 Kf5 42. Rd3 Ke4 43. Rg3 Kd4 44. Rg4+ Kd3 45. Kf3 Ra4 46. Re4 Rb4
47. Rxe5 Kxc4 48. Re4+ Kd5 49. Rxb4 cxb4 50. Ke3 Kc4 51. Kd2 Kb3 52. Kc1 Ka2 53.
f4 b3 0-1

[Event "Challenge"]
[Site "http://www.queenalice.com/game.php?id=1632011"]
[Date "2020.11.6"]
[Round "-"]
[White "midknightblue"]
[Black "Vin100"]
[Result "1-0"]
[WhiteElo "1669"]
[BlackElo "1438"]

1. e4 e5 2. Bd3 Nf6 3. Nf3 d6 4. Bc4 Nxe4 5. d3 Nf6 6. Bg5 Be7 7. Bxf6 Bxf6 8.
O-O Bg4 9. Qe2 O-O 10. Qe4 Bxf3 11. Qxf3 c6 12. Nd2 d5 13. Bb3 Nd7 14. c3 b5 15.
a4 a6 16. Rae1 Bg5 17. Rd1 Nf6 18. Qe2 Qc7 19. Nf3 Bh6 20. d4 exd4 21. cxd4 Rfe8
22. Ne5 g6 23. Rfe1 Nd7 24. Qf3 Nxe5 25. Rxe5 Bg7 26. Rxe8+ Rxe8 27. g3 Qa7 28.
Qc3 Rc8 29. Qe3 Qd7 30. Bc2 Re8 31. Qd2 Bf6 32. Qa5 Ra8 33. Qc3 Be7 34. Re1 b4
35. Qd3 a5 36. Qe3 Bf6 37. Qf4 Rb8 38. Qxb8+ Kg7 39. Qf4 g5 40. Qd2 Qg4 41. Qd3
Bxd4 42. Qxh7+ Kf6 43. Qh6# 1-0

[Event "Challenge"]
[Site "http://www.queenalice.com/game.php?id=1632012"]
[Date "2020.11.6"]
[Round "-"]
[White "Vin100"]
[Black "midknightblue"]
[Result "0-1"]
[WhiteElo "1511"]
[BlackElo "1675"]

1. e4 e5 2. Nf3 Bd6 3. Bc4 Nf6 4. d3 O-O 5. Bg5 Nc6 6. c3 Bc5 7. b4 Bd6 8. O-O
Qe8 9. Nbd2 Ng4 10. d4 exd4 11. Nxd4 Qe5 12. Qxg4 Nxd4 13. cxd4 Qxh2# 0-1

[Event "Challenge"]
[Site "http://www.queenalice.com/game.php?id=1633869"]
[Date "2020.11.22"]
[Round "-"]
[White "Mr_SPOCK"]
[Black "midknightblue"]
[Result "1-0"]
[WhiteElo "1717"]
[BlackElo "1684"]

1. e4 e5 2. Nf3 Bd6 3. Bc4 Nf6 4. Nc3 O-O 5. O-O Nc6 6. d4 Qe7 7. Bg5 h6 8. Bh4
exd4 9. Nd5 Qxe4 10. a3 Nxd5 11. Bd3 Qe6 12. Re1 Be5 13. Bb5 f6 14. b3 d3 15.
Qxd3 Qd6 16. Ra2 Bc3 17. Re4 f5 18. Re2 Nf4 19. Bc4+ Kh8 20. Qxc3 Qd1+ 21. Re1
Qd6 22. Bg3 Ne7 23. Raa1 c6 24. Nh4 b5 25. Bd3 Nxd3 26. Bxd6 Nxe1 27. Rxe1 Re8
28. Bxe7 f4 29. Nf5 Rg8 30. Nxh6 Re8 31. Nf5 Rg8 32. Qh3# 1-0

[Event "Let's Play Chess!"]
[Site "http://www.queenalice.com/game.php?id=1637473"]
[Date "2020.12.24"]
[Round "-"]
[White "Becket"]
[Black "midknightblue"]
[Result "1/2-1/2"]
[WhiteElo "1597"]
[BlackElo "1676"]

1. d4 d5 2. e3 Nc6 3. Nf3 Bg4 4. c4 dxc4 5. Bxc4 e6 6. O-O Qe7 7. Bb5 Qd7 8.
Nbd2 Nf6 9. Qc2 Bxf3 10. Nxf3 Bd6 11. e4 Ng4 12. h3 Nh6 13. e5 Be7 14. Bg5 Bxg5
15. Nxg5 g6 16. Rac1 Qd5 17. Bxc6+ bxc6 18. Qxc6+ Qxc6 19. Rxc6 Kd7 20. Rfc1
Rhc8 21. Ne4 Nf5 22. Nf6+ Kd8 23. d5 Nd4 24. dxe6 Ne2+ 25. Kf1 Nxc1 26. Rxc1 Ke7
27. exf7 Kxf7 28. Nxh7 Rab8 29. b3 Rb5 30. f4 Ra5 31. Rc2 Kg7 32. Ng5 Rd5 33.
Kf2 Rd7 34. g4 Rd5 35. e6 c5 36. Ke3 Rd1 1/2-1/2

[Event "Let's Play Chess!"]
[Site "http://www.queenalice.com/game.php?id=1638865"]
[Date "2021.1.5"]
[Round "-"]
[White "Doctor"]
[Black "midknightblue"]
[Result "1-0"]
[WhiteElo "1654"]
[BlackElo "1688"]

1. Nf3 d6 2. c4 Bf5 3. d4 Bxb1 4. Rxb1 Nf6 5. g3 e6 6. e3 Be7 7. Bg2 O-O 8. Qc2
Qd7 9. Ng5 g6 10. Bxb7 Nc6 11. Qa4 Nb8 12. Qxd7 Nbxd7 13. Bxa8 Rxa8 14. Bd2 c5
15. Bc3 Nb6 16. b3 e5 17. dxe5 dxe5 18. Bxe5 Nfd7 19. Bf4 Bxg5 20. Bxg5 Ne5 21.
Ke2 Re8 22. Rbd1 Nbd7 23. Rxd7 Nxd7 24. Rd1 Nb8 25. Rd8 Rxd8 26. Bxd8 a6 27. Be7
Nd7 28. b4 Ne5 29. bxc5 Nc6 30. Bd6 Kg7 31. h4 h5 32. Kf3 Na5 33. Ke4 Nxc4 34.
Kd5 Na3 35. c6 Nb5 36. c7 Na7 37. Kc5 Kf6 38. Kd5 a5 39. e4 Nc8 40. e5+ Kf5 41.
Kc6 Ke6 42. Kb7 Kd7 43. f3 a4 44. g4 g5 45. Bc5 gxh4 46. Be3 h3 47. Bf4 h4 48.
Bh2 Ne7 49. f4 Nc8 50. f5 Ne7 51. g5 1-0

[Event "Challenge"]
[Site "http://www.queenalice.com/game.php?id=1640368"]
[Date "2021.1.17"]
[Round "-"]
[White "zmanomega"]
[Black "midknightblue"]
[Result "0-1"]
[WhiteElo "1651"]
[BlackElo "1673"]

1. e4 Nc6 2. c3 e5 3. d4 exd4 4. Bc4 dxc3 5. Nf3 Be7 6. O-O Nf6 7. Ng5 Ne5 8.
Nxf7 Nxf7 9. Qf3 Ne5 10. Qxc3 d5 11. Qxe5 dxc4 12. Bg5 Qd6 13. Qf4 Qxf4 14. Bxf4
c6 15. f3 O-O 16. Nd2 b5 17. h4 Nh5 18. Bh2 Bxh4 19. a4 Be6 20. axb5 cxb5 21.
Ra5 Bd7 22. b4 Nf4 23. Kh1 Nd3 24. g3 Bf6 25. Rb1 c3 26. Nb3 c2 27. Rf1 Be6 28.
Nc1 Nxc1 29. Rxc1 Bb3 30. Ra3 Bb2 31. Rxb3 Bxc1 32. Rc3 Rfc8 0-1

[Event "Let's Play Chess!"]
[Site "http://www.queenalice.com/game.php?id=1641941"]
[Date "2021.1.29"]
[Round "-"]
[White "toumba"]
[Black "midknightblue"]
[Result "1-0"]
[WhiteElo "1918"]
[BlackElo "1671"]

1. d4 d5 2. c3 Nf6 3. Bg5 e6 4. Nd2 Bd6 5. e4 Be7 6. e5 Nfd7 7. Bxe7 Qxe7 8. f4
O-O 9. Ndf3 c6 10. Bd3 g6 11. Ne2 c5 12. h4 cxd4 13. cxd4 h6 14. h5 f5 15. hxg6
Qg7 16. Kf2 Qxg6 17. Rh3 Kg7 18. Rg3 Qxg3+ 19. Nxg3 Rf7 20. Nh4 Nf8 21. Nh5+ Kh8
22. Nf6 Nbd7 23. Qh5 Kg7 24. Ne8+ Kh8 25. Qxf7 1-0

[Event "Let's Play Chess!"]
[Site "http://www.queenalice.com/game.php?id=1643272"]
[Date "2021.2.11"]
[Round "-"]
[White "charles31"]
[Black "midknightblue"]
[Result "1-0"]
[WhiteElo "1604"]
[BlackElo "1671"]

1. e4 e5 2. Nf3 Nc6 3. a3 Nf6 4. d3 Bc5 5. h3 O-O 6. Bg5 b6 7. Nc3 Bd4 8. Nxd4
Nxd4 9. Qd2 Ne6 10. Be3 Bb7 11. O-O-O c5 12. g3 Ba6 13. Bg5 Nxg5 14. Qxg5 d6 15.
Be2 h6 16. Qe3 Qc7 17. Rdg1 c4 18. dxc4 Bxc4 19. g4 Nd7 20. Bxc4 Qxc4 21. f4 Qc5
22. Qxc5 bxc5 23. f5 Nf6 24. g5 Nh5 25. gxh6 Kh7 26. hxg7 Nxg7 27. f6 Nh5 28.
Rg5 Nxf6 29. Rhg1 Rg8 30. Rxg8 Nxg8 31. Nd5 Kh6 32. Ne3 Kh7 33. Nf5 Rd8 34. Rg7+
Kh8 35. Rxf7 a5 36. c4 a4 37. Kc2 Re8 38. Nxd6 Re6 39. Nf5 Rg6 40. h4 Rg4 41.
Kd3 Rf4 42. Rc7 Nf6 43. Rxc5 Rxe4 44. Rc6 Rd4+ 45. Nxd4 1-0

[Event "Let's Play 455"]
[Site "http://www.queenalice.com/game.php?id=1645047"]
[Date "2021.2.27"]
[Round "-"]
[White "digger"]
[Black "midknightblue"]
[Result "1/2-1/2"]
[WhiteElo "1521"]
[BlackElo "1631"]

1. e4 Nc6 2. d4 e5 3. d5 Nce7 4. c4 d6 5. Nf3 Bg4 6. h3 Bxf3 7. Qxf3 Qd7 8. Qb3
b6 9. c5 O-O-O 10. Bb5 c6 11. dxc6 Nxc6 12. Bxc6 Qxc6 13. cxb6 Qxb6 14. Qc4+ Qc7
15. b3 Qxc4 16. bxc4 Kd7 17. Nc3 Be7 18. h4 Rc8 19. Nb5 a6 20. Na3 Nf6 21. f3
Nh5 22. Be3 Rc6 23. Rh3 Rb8 24. g4 Ke8 25. gxh5 Rb4 26. Rc1 Ra4 27. Rc3 Bd8 28.
Bd2 f6 29. Rh2 Ba5 30. Rb3 Bb6 31. Rg2 Kf7 32. Bc1 Ba5+ 33. Kf1 Rb6 34. Rxb6
Bxb6 35. Rd2 Be3 36. Rxd6 Bxc1 37. Nc2 Ba3 38. Rd7+ Be7 39. c5 Rc4 40. Ne3 Rxc5
41. Ra7 Rc6 42. Nd5 Re6 43. Nc7 Bc5 44. Nxe6+ Bxa7 45. Nd8+ Ke8 46. Nc6 Bb6 47.
Nb4 a5 48. Nd5 Bd8 1/2-1/2

[Event "Challenge"]
[Site "http://www.queenalice.com/game.php?id=1645237"]
[Date "2021.3.1"]
[Round "-"]
[White "zmanomega"]
[Black "midknightblue"]
[Result "1-0"]
[WhiteElo "1536"]
[BlackElo "1652"]

1. e4 e5 2. d4 exd4 3. c3 dxc3 4. Bc4 Bb4 5. bxc3 Bc5 6. Nf3 Nf6 7. Ng5 d5 8.
exd5 h6 9. Nf3 O-O 10. Nbd2 Bg4 11. O-O c6 12. dxc6 Nxc6 13. Qe1 Re8 14. Qd1 h5
15. Qc2 Ne5 16. Nxe5 Bd6 17. Bxf7+ Kh8 18. Ng6+ Kh7 19. Nf8+ Kh6 20. Qg6# 1-0

[Event "Challenge"]
[Site "http://www.queenalice.com/game.php?id=1649407"]
[Date "2021.4.11"]
[Round "-"]
[White "midknightblue"]
[Black "mario48"]
[Result "0-1"]
[WhiteElo "1627"]
[BlackElo "2113"]

1. e4 e5 2. Nf3 Nc6 3. Bc4 Nf6 4. Nc3 Bc5 5. Ng5 O-O 6. O-O d6 7. Bxf7+ Rxf7 8.
Nxf7 Kxf7 9. d3 Bg4 10. Ne2 Nd4 11. h3 Bxe2 12. Qd2 Bxf1 13. Kxf1 d5 14. c3 Ne6
15. Qe2 Qd6 16. Be3 Bxe3 17. Qxe3 dxe4 18. Rd1 exd3 19. Rxd3 Qa6 20. a3 Nf4 0-1

[Event "Duelo 2"]
[Site "http://www.queenalice.com/game.php?id=1759181"]
[Date "2021.5.11"]
[Round "-"]
[White "jw16js"]
[Black "midknightblue"]
[Result "1-0"]
[WhiteElo "1574"]
[BlackElo "1625"]

1. e4 e5 2. Nc3 c6 3. d4 Bd6 4. d5 Nf6 5. Bg5 O-O 6. Nf3 Be7 7. Nxe5 Bb4 8. dxc6
Bxc3+ 9. bxc3 Nxe4 10. Bxd8 Rxd8 11. Qf3 Ng5 12. Qf4 f6 13. Bc4+ Ne6 14. Bxe6+
dxe6 15. Nc4 bxc6 16. O-O Ba6 17. Rfd1 Rf8 18. Na5 Be2 19. Re1 e5 20. Qe4 Bb5
21. Re3 a6 22. c4 Ba4 23. c5 Nd7 24. Qc4+ Rf7 25. Rd1 Bb5 26. Qe6 Re8 27. Qg4 g6
28. Rxd7 f5 29. Qb4 Rxd7 30. g3 Rd1+ 31. Kg2 Bf1+ 32. Kf3 g5 33. g4 e4+ 34. Rxe4
fxe4+ 35. Ke3 Bg2 36. c3 Bf1 37. Qb3+ Rd5 38. Nxc6 Re6 39. Qxd5 1-0

[Event "Let's Play Chess!"]
[Site "http://www.queenalice.com/game.php?id=1761099"]
[Date "2021.6.1"]
[Round "-"]
[White "midknightblue"]
[Black "igorjava"]
[Result "0-1"]
[WhiteElo "1588"]
[BlackElo "2052"]

1. e4 c5 2. Qf3 Nc6 3. Bc4 Nf6 4. Ne2 d6 5. h3 a6 6. O-O e6 7. d3 Na5 8. Na3 b5
9. Bb3 Bb7 10. Bg5 Be7 11. Bxf6 Bxf6 12. Rab1 Nxb3 13. axb3 O-O 14. Nf4 Rb8 15.
c4 b4 16. Nc2 Qd7 17. Nh5 Be5 18. Qg4 g6 19. Ng3 f5 20. Qd1 Bxg3 21. fxg3 fxe4
22. Rxf8+ Rxf8 23. Qe2 exd3 24. Qxd3 d5 25. Rf1 d4 26. Rxf8+ Kxf8 27. Qf1+ Qf7
28. Ne1 e5 29. Qxf7+ Kxf7 30. Nd3 Kf6 31. Nxc5 Bc8 32. Ne4+ Kg7 33. g4 h5 34.
gxh5 gxh5 35. Kf2 Kg6 36. Ke2 Bb7 37. Kd3 Bc6 38. g3 Kf5 39. Nd6+ Ke6 40. Ne4
Kf5 41. Nd6+ Ke6 42. Ne4 Kf5 43. Nd6+ Kg5 44. Ne4+ Kf5 45. Nc5 a5 46. Ke2 e4 47.
Na4 e3 48. Nc5 Bg2 49. Nd3 Bxh3 50. Nf4 Bg4+ 51. Kd3 Bd1 52. c5 Ke5 53. Kc4 e2
54. Nd3+ Ke4 55. c6 Bxb3+ 56. Kxb3 Kxd3 57. c7 e1=Q 58. c8=Q Qd1+ 59. Ka2 a4 60.
Qf5+ Ke3 61. Qg5+ Kf2 62. Qf4+ Ke1 63. Qe4+ Kf2 64. Qf4+ Kg1 65. Qc7 b3+ 66. Ka3
Qa1+ 67. Kb4 Qxb2 68. Qe5 Qc3+ 69. Ka3 b2+ 70. Ka2 a3 71. Qe2 b1=Q+ 72. Kxb1
Qb2+ 73. Qxb2 axb2 74. Kxb2 Kf2 75. Kc2 Kxg3 76. Kd2 h4 77. Kd3 h3 78. Kxd4 h2
79. Ke5 h1=Q 80. Kf5 Qh6 81. Ke5 Qf4+ 82. Kd5 Kf3 83. Ke6 Ke4 84. Kd7 Qf6 85.
Kc7 Qe6 86. Kb7 Kd5 87. Kc7 Kc5 88. Kb7 Qd7+ 89. Ka6 Qb5+ 90. Ka7 Kc6 91. Ka8
Qb7# 0-1

[Event "Challenge"]
[Site "http://www.queenalice.com/game.php?id=1763553"]
[Date "2021.7.2"]
[Round "-"]
[White "zmanomega"]
[Black "midknightblue"]
[Result "1-0"]
[WhiteElo "1522"]
[BlackElo "1607"]

1. e4 e6 2. d4 Nf6 3. f3 d5 4. e5 Nfd7 5. Bb5 Qe7 6. Bd3 Qd8 7. c4 Bb4+ 8. Nc3
Bxc3+ 9. bxc3 c6 10. cxd5 exd5 11. f4 O-O 12. Nf3 Qe7 13. Qa4 b5 14. Qa5 Qd8 15.
Qxd8 Rxd8 16. f5 Nb6 17. Ng5 Re8 18. O-O Bd7 19. Rf4 h6 20. Nxf7 Kxf7 21. e6+
Kf6 22. exd7 N8xd7 23. Kf2 Re7 24. Ba3 Ree8 25. h4 Na4 26. Rg4 Kf7 27. Rg6 Nf6
28. g4 Nxg4+ 29. Rxg4 Kf6 30. Rg6+ Kf7 31. Rxc6 Rac8 32. Bxb5 Rxc6 33. Bxc6 Rc8
34. Bxa4 Rxc3 35. Bd6 Rh3 36. Re1 Rh2+ 37. Kg1 Rxh4 38. Be8+ Kf6 39. Be7+ 1-0

[Event "Let's Play Chess!"]
[Site "http://www.queenalice.com/game.php?id=1766065"]
[Date "2021.8.7"]
[Round "-"]
[White "midknightblue"]
[Black "BigWally"]
[Result "1/2-1/2"]
[WhiteElo "1603"]
[BlackElo "1588"]

1. e4 e5 2. Nf3 d6 3. Bd3 Nf6 4. O-O c5 5. Bb5+ Nc6 6. Bxc6+ bxc6 7. d3 Be7 8.
Nc3 O-O 9. Bg5 Rb8 10. b3 Qa5 11. Qd2 Bg4 12. Bxf6 Bxf6 13. Rfb1 Bxf3 14. gxf3
Qd8 15. Ne2 Bg5 16. Qe1 d5 17. Nc3 d4 18. Ne2 a5 19. a4 Qd7 20. Qxa5 Qd6 21. Ng3
Ra8 22. Qe1 Qf6 23. Nf5 Bf4 24. Ng3 Qg5 25. Qf1 Bxg3 26. fxg3 Qe3+ 27. Qf2 Qxf2+
28. Kxf2 h5 29. h4 Ra7 30. b4 Rb8 31. g4 g6 32. gxh5 gxh5 33. Rg1+ Kh7 34. bxc5
Rb2 35. Rgc1 f6 36. Rab1 Rxb1 37. Rxb1 Rxa4 38. Ke2 Ra7 39. Rb6 Rc7 40. Rb4
1/2-1/2

[Event "Escacs 52"]
[Site "http://www.queenalice.com/game.php?id=1766651"]
[Date "2021.8.11"]
[Round "-"]
[White "alterego"]
[Black "midknightblue"]
[Result "0-1"]
[WhiteElo "1608"]
[BlackElo "1586"]

1. d4 d5 2. g3 Nf6 3. Bg2 e6 4. Nf3 Bd6 5. O-O O-O 6. Nc3 c6 7. Bg5 c5 8. e3
cxd4 9. exd4 h6 10. Be3 Ng4 11. Bh3 Nxe3 12. fxe3 a6 13. Qd3 g6 14. Rf2 Nc6 15.
Raf1 f5 16. Nh4 Rf6 17. Ne2 Qa5 18. a3 Qb6 19. b4 g5 20. Nxf5 exf5 21. Bxf5 Qc7
22. Bxc8 Rxf2 23. Be6+ Kg7 24. Rxf2 Rf8 25. Rxf8 Bxf8 26. Bxd5 Ne7 27. Bc4 Qd6
28. Qc3 Nd5 29. Bxd5 Qxd5 30. Qc7+ Qf7 31. Qe5+ Qf6 32. Qb8 Qf7 33. c4 Qe7 34.
Kg2 Qe4+ 35. Kh3 g4+ 36. Kh4 Be7+ 37. Kh5 Qf5# 0-1

[Event "Let's Play Chess!"]
[Site "http://www.queenalice.com/game.php?id=1775344"]
[Date "2021.11.23"]
[Round "-"]
[White "Doctor"]
[Black "midknightblue"]
[Result "1-0"]
[WhiteElo "1484"]
[BlackElo "1600"]

1. e4 Nc6 2. Nf3 e6 3. d4 Bb4+ 4. c3 Ba5 5. Be2 Nf6 6. Bd3 O-O 7. O-O d5 8. e5
Nd7 9. Ng5 g6 10. Re1 Nb6 11. Qf3 Nd7 12. Qh3 h5 13. a3 Ne7 14. Bxg6 Kg7 15.
Bxf7 Rxf7 16. Nxe6+ Kg8 17. Nxd8 Rh7 18. Qe6+ 1-0